| 000 | 00622nam a2200241Ia 4500 | ||
|---|---|---|---|
| 003 | OSt | ||
| 005 | 20221005093851.0 | ||
| 006 | a|||||r|||| 00| 0 | ||
| 007 | ta | ||
| 008 | 221004b |||||||| |||| 00| 0 eng d | ||
| 024 | _a75588 | ||
| 037 | _cTextual | ||
| 040 |
_aCRL _cCRL _beng |
||
| 041 |
_2eng _aeng |
||
| 082 | _aR3v3 : M, H9 | ||
| 100 | _aPlamenatz John | ||
| 245 | 0 | _aEnglish Utilitarians | |
| 260 |
_aOxford _bBasil Blsckwell Great Britain _c1949 |
||
| 300 |
_a228p. _ccm. |
||
| 650 | _aPHILOSOPHY | ||
| 942 |
_hR3v3 : M, H9 _cTEXL _2cc |
||
| 999 |
_c1001030 _d1001030 |
||